Smallest Countries with Nobel Prizes - Statistics

General Stats
  • This quiz has been taken 47 times
  • The average score is 11 of 18
Answer Stats
km² Country % Correct
30,689 Belgium
82%
41,865 Netherlands
82%
42,943 Denmark
77%
20,770 Israel
77%
2586 Luxembourg
77%
41,277 Switzerland
72%
64,589 Latvia
69%
56,594 Croatia
67%
616 Saint Lucia
67%
20,271 Slovenia
67%
9251 Cyprus
62%
10,400 Lebanon
62%
36,193 Taiwan
59%
25,713 North Macedonia
51%
51,209 Bosnia and Herzegovina
49%
51,100 Costa Rica
36%
5130 Trinidad and Tobago
31%
14,874 East Timor
23%
No matching quizzes found
Score Distribution
Percent of People with Each Score
Percentile by Number Answered
Your Score History
You have not taken this quiz